Cocteles Esenciales (Registro nro. 4277)
[ vista simple ]
| 000 -CABECERA | |
|---|---|
| campo de control de longitud fija | 00770aam a2200313 4500 |
| 005 - FECHA Y HORA DE ACTUALIZACIÓN | |
| campo de control | 20161116194448.0 |
| 008 - LONGITUD FIJA | |
| campo de control de longitud fija | 150407b xxu||||| |||| 00| 0 spa d |
| 041 ## - IDIOMA | |
| Código de idioma del texto/pista de sonido o título separado | |
| 082 ## - CLASIFICACIÓN DECIMAL DEWEY | |
| Número de clasificación | 1.4.18 D321c |
| 100 ## - AUTOR PERSONAL | |
| Nombre de persona | Degroff, Dale |
| 245 ## - TÍTULO PROPIAMENTE DICHO | |
| Título | Cocteles Esenciales |
| 260 ## - PIE DE IMPRENTA | |
| Lugar de publicación, distribución, etc. | España |
| 260 ## - PIE DE IMPRENTA | |
| Nombre del editor, distribuidor, etc. | DRAC |
| 260 ## - PIE DE IMPRENTA | |
| Fecha de publicación, distribución, etc. | 2008 |
| 300 ## - DESCRIPCIÓN FÍSICA | |
| Extensión | 272 páginas |
| 650 ## - Materia General | |
| Materia general | COCTELES |
| 650 ## - Materia General | |
| Materia general | COCTELES CLASICOS MODERNOS |
| 650 ## - Materia General | |
| Materia general | MARTINIS |
| 650 ## - Materia General | |
| Materia general | SOURS |
| 650 ## - Materia General | |
| Materia general | LANG DRINKS |
| 650 ## - Materia General | |
| Materia general | TROPICALES |
| 650 ## - Materia General | |
| Materia general | PONCHES |
| 650 ## - Materia General | |
| Materia general | DULCES |
| 650 ## - Materia General | |
| Materia general | RECETAS BASICAS |
| 650 ## - Materia General | |
| Materia general | ADORNOS |
| 650 ## - Materia General | |
| Materia general | CRITALERIA |
| 650 ## - Materia General | |
| Materia general | UTENSILIOS |
| 942 ## - Punto de Acceso Adicional Koha | |
| Tipo de ítem Koha | Libro |
| Estado perdido | Estado dañado | No para préstamo | Biblioteca permanente | Biblioteca actual | Signatura completa | Código de barras | Precio efectivo a partir del | Tipo de ítem |
|---|---|---|---|---|---|---|---|---|
| Departamento de Biblioteca y Documentación Alfonso Chase Brenes | Departamento de Biblioteca y Documentación Alfonso Chase Brenes | 1.4.18 D321c | 17723 | 24/02/2016 | Libro |